| 000 | 00711nam a2200229 i 4500 | ||
|---|---|---|---|
| 001 | 115214 | ||
| 003 | ES-MaACL | ||
| 005 | 20250707062619.0 | ||
| 007 | t| | ||
| 008 | 070226s1908 sp ||||1| spa d | ||
| 080 | _a821.134.2-32"19" | ||
| 100 | 1 |
_aGarcía Sanchiz, Federico, _d1886-1964 _955269 |
|
| 245 | 1 | 0 |
_aHistoria romántica _b: novela / _cde Federico García-Sanchíz ; ilustraciones de Marco. |
| 260 |
_aMadrid : _bEl Cuento Semanal, _c1908. |
||
| 300 |
_a20 p. : _bil. ; _c26 cm. |
||
| 490 | 1 |
_aEl cuento semanal ; _v76 |
|
| 500 | _aSin cubierta. | ||
| 700 | 1 |
_aMarco, Fernando. _976462 |
|
| 830 | 0 | 3 |
_aEl cuento semanal _v76 _9185957 |
| 852 |
_aES-MaACL _jG-4441(24) |
||
| 999 |
_c115214 _d115214 |
||